000 00430nam a22001577a 4500
003 OSt
005 20251103091552.0
008 251103b |||||||| |||| 00| 0 eng d
022 _a0040-5639
100 _aUlrich L. Lehner
245 _aANDERSON, CLAUS A.:
_bMetaphysik im Barockscotismus
260 _aUSA,
_bSages Publications;
_c2018
300 _aP.227-228
440 _aTheological Studies
_nNo.1
_vVol.79
942 _2lcc
_cART
999 _c205034
_d204994